|
|
|
|
| LEADER |
00000nab a2200000 ar4500 |
| 001 |
vtls010081638 |
| 003 |
SK-MaSNL |
| 005 |
20260303050940.0 |
| 008 |
100331c2010 xo mr|p|||||||000 b|slo |
| 015 |
|
|
|a SNBRB2010/03
|2 snkbucl
|
| 038 |
|
|
|a SNKBUCL
|
| 040 |
|
|
|a SNKBUCL
|b slo
|c SNKBUCL
|e AACR2
|
| 041 |
0 |
|
|a slo
|
| 044 |
|
|
|a xo
|c SK
|
| 080 |
|
|
|a 656.34:061.5
|x (437.6)
|2 2001
|
| 080 |
|
|
|a 656.132
|x (437.6)
|2 2001
|
| 080 |
|
|
|a 629.341
|2 2001
|
| 245 |
0 |
0 |
|a Veľkokapacitné autobusy pre Bratislavu
|c [autor] (pse)
|
| 610 |
2 |
7 |
|a Dopravný podnik Bratislava
|2 snkbucl
|9 33663
|
| 650 |
0 |
7 |
|a autobusy
|2 snkbucl
|9 17022
|
| 650 |
0 |
7 |
|a Mercedes-Benz O 530 GL CapaCity (autobus)
|2 snkbucl
|9 1039811
|
| 773 |
0 |
|
|t Doprava a logistika
|g Roč. 5., č. 3 (2010), s. 28
|x 1337-0138
|
| 852 |
|
|
|a SNK
|b KIS3GCP
|
| 958 |
|
|
|a SK
|
| 999 |
|
|
|c 1709645
|d 1711575
|